1443 1473 1497 1195 1404 1743 1595 1038 1263 1556 1739 1960 1003 1831 1736 1743 1190 1872 1282 1374 1026 1530 1808 1268 1859 1964 1519 1483 1570 1671 1765 1485 1629 1643 1423 1596 1133 1071 1695 1013 1163 1151 1900 1205 1948 1776 1289 1667 1617 1829 1325 1490 1552 1400 1901 1801 1390 1747 1586 1760 1828 1244 1797 1035 1220 1454 1289 1004 1505 1088 1818 1470 1843 1497 1169 1962 1793 1114 1117 1002 1014 1884 1400 1145 1293 1311 1124 1319 1999 1395 1073 1164 1562 1454 1429 1017 1913 1747 1790 BCNSPRNW ULIB Ver.6.0+V

เปลี่ยนเป็นภาษาไทย

Change to English
 แสดงรายละเอียดบรรณานุกรม
  กลับหน้าหลัก

Brief Record : Get Marc (ISO 2709) : E-mail record : QR code < ปิดหน้าต่าง
LEADER : 00000nam 2200000uu 4500
001    13399122122
003     ULIB
008    121227s2550||||th 000 0 tha d
020    ^a9786110600811
090    ^aนว.^bม111ร
100    ^aอูหลิง^eเขียน
245    ^aมากกว่ารัก รักหวนสู่กลางใจ /^cอูหลิง
260    ^aกรุงเทพฯ :^bแจ่มใส,^c2550
300    ^a207 หน้า
700    ^aมดแดง^eแปล
945    ^p149^l0^i015831
999    ^aวิภา
รายการนี้ยังไม่มีแท็ก
คุณยังไม่ได้ล็อกอิน คุณสามารถมีกิจกรรมร่วมกับเว็บไซต์ได้ แต่ต้องล็อกอินก่อน ::
  ล็อกอิน

รายการสื่อสารสนเทศ

ลำดับที่ ประเภท เลขเรียก/บาร์โค้ด สถานที่ สถานะ
1. นวนิยาย
นวนิยาย
นว. ม111ร  
  Barcode: 015831
ห้องสมุดวิทยาเขตสวรรค์ประชารักษ์
►นวนิยาย
บนชั้น
  ขอยืม

BibComment


ยังไม่เคยถูกคอมเมนท์

คอมเมนท์ทรัพยากรรายการนี้
  คอมเมนท์: มากกว่ารัก รักหว..


 Copyright 2026. Bcnsprnw @Library